000 00725nam a2200241Ia 4500
003 OSt
005 20220927105558.0
006 a|||||r|||| 00| 0
007 ta
008 220926b |||||||| |||| 00| 0 eng d
024 _a187677
037 _cReference Collections
040 _aRTL
_cRTL
_beng
041 _2eng
_aeng
082 _a"V2.N68m, K8.24-2"
110 _aINDIAN COUNCIL OF WORLD AFFAIRS
_9373507
245 0 _aIndia quarterly
_b a journal of international affairs
260 _aNew
_bDelhi Asia Publishing House
_c1968
490 _vVol.24-2;179p
700 _aINDIAN COUNCIL OF WORLD AFFAIRS
_9373508
942 _h"V2.N68m, K8.24-2"
_cCC
999 _c693239
_d693239